WTO and India : (Record no. 25970)
[ view plain ]
| 000 -LEADER | |
|---|---|
| fixed length control field | 01191nam a2200289 a 4500 |
| 005 - DATE AND TIME OF LATEST TRANSACTION | |
| control field | 20060426204826.0 |
| 008 - FIXED-LENGTH DATA ELEMENTS--GENERAL INFORMATION | |
| fixed length control field | 051206s2005 ii | b 001 0 eng |
| 010 ## - LCCN (DPL NO) | |
| LC control number | ENG-93318 |
| 020 ## - INTERNATIONAL STANDARD BOOK NUMBER | |
| Terms of availability | 550.00 |
| 035 ## - SYSTEM CONTROL NUMBER | |
| System control number | EN-76851 |
| 037 ## - SOURCE OF ACQUISITION | |
| Source of stock number/acquisition | DBAD / PUB |
| 040 ## - CATALOGING SOURCE | |
| Original cataloging agency | dpl |
| Language of cataloging | English |
| 082 ## - DEWEY DECIMAL CLASSIFICATION NUMBER | |
| Classification number | 382.92 |
| 100 ## - MAIN ENTRY--PERSONAL NAME | |
| Personal name | Ravishankar Kumar Singh |
| 245 ## - TITLE STATEMENT | |
| Title | WTO and India : |
| Remainder of title | Challenges and opportunities / |
| Statement of responsibility, etc | by Ravishankar Kumar Singh [and] R. Shashi Kumar |
| 260 ## - PUBLICATION, DISTRIBUTION, ETC. (IMPRINT) | |
| Place of publication, distribution, etc | Delhi |
| Name of publisher, distributor, etc | Abhijeet Publications |
| Date of publication, distribution, etc | 2008 |
| 270 ## - ADDRESS | |
| Address | 2/46 Tukhmeerpur Extension |
| City | Delhi |
| Postal code | 110094 |
| 300 ## - PHYSICAL DESCRIPTION | |
| Extent | viii, 188 p. ; |
| Dimensions | 22cm (Hb) |
| 500 ## - GENERAL NOTE | |
| General note | Same ISBN No. 9788189886639 in "The emerging issues on labour problems in India under globalization" |
| 500 ## - GENERAL NOTE | |
| General note | Includes bibliographical references and index. |
| 610 ## - SUBJECT ADDED ENTRY--CORPORATE NAME | |
| Corporate name or jurisdiction name as entry element | World Trade Organization |
| Geographic subdivision | India. |
| 651 ## - SUBJECT ADDED ENTRY--GEOGRAPHIC NAME | |
| Geographic name | India |
| General subdivision | Foreign economic relations. |
| 651 ## - SUBJECT ADDED ENTRY--GEOGRAPHIC NAME | |
| Geographic name | India |
| General subdivision | Economic policy. |
| 700 ## - ADDED ENTRY--PERSONAL NAME | |
| Personal name | Shashi Kumar, R. |
| 942 ## - ADDED ENTRY ELEMENTS (KOHA) | |
| Source of classification or shelving scheme | Dewey Decimal Classification |
| Item type | English Books |
| Classification part | 382.92 |
| Call number suffix | RAV |
| Withdrawn status | Lost status | Source of classification or shelving scheme | Damaged status | Not for loan | Collection code | Home library | Current library | Date acquired | Source of acquisition | Cost, normal purchase price | Total Checkouts | Full call number | Barcode | Date last seen | Copy number | Cost, replacement price | Koha item type |
|---|---|---|---|---|---|---|---|---|---|---|---|---|---|---|---|---|---|
| Dewey Decimal Classification | Not For Loan | Non-fiction | D.B.Act.Division | D.B.Act.Division | 30/04/2009 | DBAD / PUB | 550.00 | 338.15 RAV | EN-76851 | 30/04/2009 | 1 | 550.00 | English Books |
